Statistics for Capitals of States of the German Empire with a Map

Click here to take the quiz!

General Stats

  • This quiz has been taken 1,135 times
  • The average score is 13 of 27

Answers on the Map

Answers color-coded by a green-red scale on the quiz's map according to % correct below.
 

Answer Stats

StatePopulation
(1905)
Capital% Correct
Prussia2,035,815Berlin
98%
Bavaria509,067Munich
96%
H______802,670Hamburg
95%
B_____214,953Bremen
87%
Saxony515,000Dresden
83%
Alsace-Lorraine167,342Straßburg
77%
Württemberg249,443Stuttgart
77%
L_____91,501Lübeck
75%
O________28,600Oldenburg
64%
Mecklenburg-Sc______41,638Schwerin
52%
Br_______136,162Braunschweig
48%
Saxe-C_____-G____22,489Coburg
46%
Saxe-W_____-Eisenach31,121Weimar
45%
Baden111,200Karlsruhe
43%
Saxe-C_____-G____36,906Gotha
41%
Hesse83,385Darmstadt
32%
Reuss Junior Line46,910Gera
30%
Anhalt54,898Dessau
24%
Saxe-M________15,989Meiningen
22%
Saxe-A________38,811Altenburg
20%
Schwarzburg-R_________12,494Rudolstadt
19%
Mecklenburg-St______11,656Neustrelitz
18%
Lippe11,968Detmold
17%
Reuss Elder Line23,114Greiz
16%
Schwarzburg-S____________7,383Sondershausen
16%
Waldeck and Pyrmont2,734Arolsen
11%
Schaumburg-Lippe5,625Bückeburg
11%

Score Distribution

Percentile by Number Answered

Percent of People with Each Score

Your Score History

You have not taken this quiz